00349nam a2200121Ia 4500008004100000082001900041100003600060245001800096260003900114300000900153630001800162650004700180211109s9999||||xx |||||||||||||| ||und|| a891.433bTHI-K aThiruvithamkur Hindi Prachara,  0aKatha - Kusum bNATIONAL BOOKSTALLaKottayamc1961 a92p. xGeneral Stack aHindi LiteraturevHindi FictionxGeneralia